000 00625nam a2200253Ia 4500
003 OSt
005 20221006143257.0
006 a|||||r|||| 00| 0
007 ta
008 221006b |||||||| |||| 00| 0 eng d
020 _cP1.50
024 _a8,531
037 _cTextual
040 _aEASL
_cEASL
_beng
041 _2eng
_aeng
082 _aXv1.N5, L7
100 _aHicks John
245 0 _aTheory of economic history
260 _aOxford
_bOxford University Press
_c1977
300 _a181p.
_ccm.
490 _v Oth
942 _hXv1.N5, L7
_cTEXL
_2CC
999 _c1076617
_d1076617